000
00290nam a2200121Ia 4500
008
190216s9999||||xx |||||||||||||| ||und||
100
_a
"Ghatak P K,Bandyopadhyay A K"
245
0
_a
Practical Diary Chemistry
260
_b
Kalyani Pub:-
300
_a
291
650
_a
Chemistry
942
_c
BK
999
_c
3450
_d
3450